banner-ar

Ancient Nubia : (Record no. 60738)

MARC details
000 -الفاتح
حقل البيانات ثابتة الطول 00794nam a22002417a 4500
005 - وقت وتاريخ اخر تعامل مع التسجيلة
رقم الضبط 20240530110425.0
008 - عناصر البيانات ثابتة الطول - معلومات عامة
حقل البيانات ثابتة الطول 150323s2012 cc abdof 001 0 eng d
020 ## - الرقم الدولى المعيارى للكتب
الرقم الدولى المعيارى للكتاب 9789774164781
040 ## - مصدر الفهرسة
وكالة الفهرسة الأصلية EG-CaGPL
وكالة النسخ EG-CaGPL
082 04 - رقم تصنيف ديوى العشرى
رقم الطبعة 21
رقم التصنيف 932
رقم المادة CC/F A
245 00 - بيان العنوان
العنوان Ancient Nubia :
بقية العنوان African Kingdoms on The Nile /
بيان المسئوليه,etc Edited by Marjorie M Fisher , Peter Lacovara , Salima Ikram , Sue D'Auria
260 ## - PUBLICATION, DISTRIBUTION, ETC. (IMPRINT)
تاريخ النشر أو التوزيع 2012 .
300 ## - الوصف المادى
التعداد 452 p. :
تفاصيل ماديه اخرى للوعاء ill. (chiefly col.), maps ;
أبعاد الوعاء 30 cm.
651 #0 - المدخل الاضافى بالموضوع - اسم جغرافى
الاسم الجغرافي Nubia
التقسيم الفرعي العام History
-- Ancient
651 #0 - المدخل الاضافى بالموضوع - اسم جغرافى
الاسم الجغرافي Egypt
التقسيم الفرعي العام Antiquities
700 1# - المدخل الاضافى - اسم شخصى
الإسم الشخصى Fisher , Marjorie M
700 1# - المدخل الاضافى - اسم شخصى
الإسم الشخصى Lacovara , Peter
700 1# - المدخل الاضافى - اسم شخصى
الإسم الشخصى Ikram , Salima
700 1# - المدخل الاضافى - اسم شخصى
الإسم الشخصى D'Auria , Sue
942 ## - عناصر المدخل الإضافي( كوها)
مصدر التصنيف او مخطط الترفيف Dewey Decimal Classification
Koha [default] item type كتاب
260 ## - PUBLICATION, DISTRIBUTION, ETC. (IMPRINT)
-- Cairo :
-- The American University in Cairo Press ,
Holdings
حالة التراجع حالة الفقد مصدر التصنيف او خطة الترفيف حالة تلف ليس للاعارة المكان المؤقت الموقع الحالى تاريخ الاكتساب اجمالي اﻻعارات رقم الطلب الباركود تاريخ اخر مشاهدة تاريخ تفعيل السعر نوع وعاء كوها
    ddc     مكتبة القاهرة الكبرى مكتبة القاهرة الكبرى 03/23/2015   932 CC/F A 159846 03/23/2015 03/23/2015 كتاب

Powered By

EGPV